[Event "SLO-chT2 East"]
[Site "Slovenia"]
[Date "2016.11.12"]
[Round "7"]
[White "Kusic, Dalibor"]
[Black "Hanc, Nejc"]
[Result "1/2-1/2"]
[WhiteElo "1897"]
[BlackElo "1376"]
[PlyCount "54"]
[EventDate "2016.09.24"]
[EventType "team-tourn"]
[EventRounds "9"]
[EventCountry "SLO"]
[SourceTitle "EXT 2019"]
[Source "ChessBase"]
[SourceDate "2018.10.10"]
[SourceVersion "1"]
[SourceVersionDate "2018.10.10"]
[SourceQuality "1"]
[WhiteTeam "Maribor Gambit"]
[BlackTeam "Ljutomer Radenska"]
[WhiteTeamCountry "SLO"]
[BlackTeamCountry "SLO"]

1. e4 e5 2. Nf3 Nc6 3. d4 exd4 4. Bc4 Bc5 5. c3 dxc3 6. Bxf7+ Kxf7 7. Qd5+ Ke8 8. Qxc5 d6 9. Qxc3 Qf6 10. Qb3 Qe6 11. Qc2 h6 12. 0-0 Nge7 13. Nc3 Qg6 14. Bf4 Rf8 15. Bg3 Kd8 16. Rac1 Qf7 17. Rfd1 Bg4 18. Nd5 Bxf3 19. gxf3 Rc8 20. f4 Nxd5 21. exd5 Ne7 22. Qd2 Nf5 23. Re1 Ne7 24. Red1 Nf5 25. Re1 Ne7 26. Red1 Nf5 27. Re1 Ne7 1/2-1/2

[Event "SLO-chT2 East"]
[Site "Slovenia"]
[Date "2015.09.19"]
[Round "2"]
[White "Suta, Tomaz"]
[Black "Kusic, Dalibor"]
[Result "1/2-1/2"]
[WhiteElo "1673"]
[BlackElo "1862"]
[PlyCount "98"]
[EventDate "2015.09.05"]
[EventType "team-tourn"]
[EventRounds "9"]
[EventCountry "SLO"]
[SourceTitle "EXT 2019"]
[Source "ChessBase"]
[SourceDate "2018.10.10"]
[SourceVersion "1"]
[SourceVersionDate "2018.10.10"]
[SourceQuality "1"]
[WhiteTeam "Ptuj II"]
[BlackTeam "Maribor Gambit"]
[WhiteTeamCountry "SLO"]
[BlackTeamCountry "SLO"]

1. e4 c5 2. Nf3 g6 3. d4 cxd4 4. Nxd4 Nc6 5. Nc3 Bg7 6. Be3 Nf6 7. Be2 d6 8. h3 Bd7 9. Qd2 Qa5 10. Nf3 Rc8 11. 0-0 0-0 12. Bh6 Rfe8 13. Bxg7 Kxg7 14. Rfe1 Ne5 15. Nxe5 Qxe5 16. Bf3 b5 17. a3 Rc4 18. Rad1 Rec8 19. Be2 R4c7 20. Qd4 Qg5 21. Qd2 Qxd2 22. Rxd2 Rxc3 23. bxc3 Rxc3 24. e5 Ne4 25. Rd4 d5 26. Rxd5 Bc6 27. Rd4 Ng5 28. a4 Ne6 29. Rb4 a5 30. Rb3 Rxc2 31. axb5 Bd5 32. Rbb1 Nf4 33. Bf1 Rc8 34. Ra1 Ra8 35. b6 Ne6 36. Red1 Bb3 37. Rd7 a4 38. Rxe7 Rb8 39. b7 Nc5 40. Rc7 Nxb7 41. Bb5 Nd8 42. Bxa4 Ra8 43. Bxb3 Rxa1+ 44. Kh2 Ra6 45. Bd5 g5 46. Kg3 Kg6 47. Rd7 Ne6 48. Rd6 Ra3+ 49. f3 Kf5 1/2-1/2

[Event "SLO-chT2 East"]
[Site "Slovenia"]
[Date "2013.10.12"]
[Round "2"]
[White "Kusic, Dalibor"]
[Black "Grah, Matej"]
[Result "0-1"]
[WhiteElo "1927"]
[BlackElo "1788"]
[PlyCount "70"]
[EventDate "2013.09.07"]
[EventType "team-tourn"]
[EventRounds "9"]
[EventCountry "SLO"]
[SourceTitle "EXT 2015"]
[Source "ChessBase"]
[SourceDate "2014.11.20"]
[SourceVersion "1"]
[SourceVersionDate "2014.11.20"]
[SourceQuality "1"]

1. e4 c6 2. d4 d5 3. exd5 cxd5 4. Bd3 Nc6 5. c3 Nf6 6. Bf4 Bg4 7. Qb3 Qd7 8. Nd2 e6 9. Ngf3 Bxf3 10. Nxf3 Nh5 11. Bg3 Nxg3 12. hxg3 h6 13. 0-0 Bd6 14. Rfe1 0-0 15. Rad1 Na5 16. Qc2 b5 17. Qe2 Rab8 18. g4 b4 19. g5 Bf4 20. g3 Bxg5 21. Nxg5 hxg5 22. Qh5 f5 23. Qxg5 bxc3 24. bxc3 Rf6 25. Rb1 Rxb1 26. Rxb1 Qc7 27. Rc1 Nc6 28. Kg2 f4 29. Qh5 f3+ 30. Kf1 Nxd4 31. Qe8+ Rf8 32. Bh7+ Kxh7 33. Qxf8 Qc4+ 34. Kg1 Ne2+ 35. Kh2 Qg4 0-1

[Event "SLO-chT1 East"]
[Site "Celje"]
[Date "2007.11.13"]
[Round "4"]
[White "Kusic, Dalibor"]
[Black "Brinovec, Dusan"]
[Result "1/2-1/2"]
[WhiteElo "1932"]
[BlackElo "2229"]
[PlyCount "80"]
[EventDate "2007.11.11"]
[EventType "team-tourn"]
[EventRounds "9"]
[EventCountry "SLO"]
[SourceTitle "EXT 2010"]
[Source "ChessBase"]
[SourceDate "2010.11.25"]
[SourceVersion "1"]
[SourceVersionDate "2010.11.25"]
[SourceQuality "1"]

1. d4 Nf6 2. Nf3 e6 3. c4 b6 4. a3 Bb7 5. e3 c5 6. Nc3 cxd4 7. exd4 d6 8. Bd3 Nbd7 9. 0-0 Be7 10. Re1 0-0 11. Qe2 Re8 12. h3 Rc8 13. Bf4 a6 14. Rad1 Rc7 15. b4 Qa8 16. Ng5 e5 17. dxe5 Bf8 18. e6 fxe6 19. Qc2 Ne5 20. Bxe5 dxe5 21. Bxh7+ Kh8 22. Bg6 Rec8 23. Bd3 b5 24. Bf1 bxc4 25. Rxe5 Bd5 26. Nxd5 exd5 27. Rexd5 g6 28. Rd8 Rxd8 29. Rxd8 Qxd8 30. Ne6 Qe7 31. Nxc7 Qxc7 32. Qxg6 Bg7 33. h4 Qf4 34. Qc2 Ne4 35. g3 Nxg3 36. fxg3 Qxg3+ 37. Qg2 Bd4+ 38. Kh1 Qxh4+ 39. Qh2 Qxh2+ 40. Kxh2 Bb2 1/2-1/2

[Event "SLO-chT1 East"]
[Site "Celje"]
[Date "2007.11.11"]
[Round "5"]
[White "Kusic, Dalibor"]
[Black "Svensek, Marjan"]
[Result "1-0"]
[WhiteElo "1932"]
[BlackElo "2079"]
[PlyCount "55"]
[EventDate "2007.11.11"]
[EventType "team-tourn"]
[EventRounds "9"]
[EventCountry "SLO"]
[SourceTitle "EXT 2010"]
[Source "ChessBase"]
[SourceDate "2010.11.25"]
[SourceVersion "1"]
[SourceVersionDate "2010.11.25"]
[SourceQuality "1"]

1. d4 b5 2. c4 bxc4 3. e4 Bb7 4. Nc3 e6 5. Bxc4 c5 6. d5 exd5 7. exd5 Nf6 8. Bg5 h6 9. Qe2+ Qe7 10. Bxf6 gxf6 11. Ne4 Kd8 12. 0-0-0 h5 13. Qf3 Bg7 14. Nh3 Qe5 15. Nxc5 Qc7 16. Nxb7+ Qxb7 17. Qb3 Qc7 18. d6 Qc8 19. Kb1 Nc6 20. Qg3 Bh6 21. Rhe1 Rb8 22. Bxf7 Qb7 23. Bb3 Ne5 24. Rxe5 fxe5 25. Qxe5 Rf8 26. Qe7+ Kc8 27. Rc1+ Bxc1 28. Qxf8# 1-0

[Event "SLO-chT2E"]
[Site "Velenje"]
[Date "2004.11.01"]
[Round "2"]
[White "Kusic, Dalibor"]
[Black "Benko, Bostjan"]
[Result "0-1"]
[WhiteElo "1961"]
[BlackElo "1795"]
[PlyCount "80"]
[EventDate "2004.11.01"]
[EventType "team"]
[EventRounds "9"]
[EventCountry "SLO"]
[SourceTitle "EXT 2008"]
[Source "ChessBase"]
[SourceDate "2007.11.25"]
[SourceVersion "1"]
[SourceVersionDate "2007.11.25"]
[SourceQuality "1"]

1. d4 d6 2. c4 Nf6 3. Nc3 c6 4. Bg5 Nbd7 5. Nf3 Qa5 6. Qd2 g6 7. e3 Bg7 8. Bd3 a6 9. a3 h6 10. b4 Qc7 11. Bh4 b6 12. Rc1 0-0 13. 0-0 e5 14. Rfd1 Re8 15. dxe5 dxe5 16. Bg3 Nh5 17. Bb1 Nxg3 18. hxg3 Bf8 19. Ne4 Kg7 20. Nh4 Nf6 21. Nxf6 Kxf6 22. Qd3 g5 23. Nf3 Be6 24. Qe4 Rad8 25. Nh2 Rd7 26. Ng4+ Bxg4 27. Qxg4 Red8 28. Qf5+ Kg7 29. Rxd7 Rxd7 30. f4 exf4 31. gxf4 gxf4 32. Qh7+ Kf6 33. Rf1 Ke7 34. exf4 Qd6 35. Re1+ Kd8 36. Re4 Qd1+ 37. Kh2 Qh5+ 38. Kg3 f5 39. Qh8 Qg4+ 40. Kh2 Qh4+ 0-1